[Event "Tradewise Gibraltar Chess Festival 2014 "]
[Site "The Caleta Hotel - Gibraltar"]
[Date "2014.02.05"]
[Round "9.77"]
[White "Freuler, Roman"]
[Black "Nicolas Zapata, Irene"]
[Result "1/2-1/2"]
[WhiteElo "2048"]
[BlackElo "2249"]
[PlyCount "60"]
[EventDate "2014.01.28"]

1. e4 c5 2. Nf3 d6 3. d4 cxd4 4. Nxd4 Nf6 5. Nc3 Bd7 6. Bc4 g6 7. Be3 Bg7 8. f3
Nc6 9. Qd2 O-O 10. O-O-O Rb8 11. Kb1 b5 12. Ndxb5 Ne5 13. Be2 Qa5 14. Nd4 Qb4
15. Nb3 a5 16. Nd5 Nxd5 17. exd5 Qb7 18. Qxa5 Ra8 19. Qd2 Bb5 20. Bd4 Qa6 21.
Nc1 Rfb8 22. f4 Bxe2 23. Qxe2 Nc4 24. Bxg7 Kxg7 25. b3 Na3+ 26. Kb2 Nb5 27. Qd3
Qa3+ 28. Kb1 Qa5 29. Kb2 Qa3+ 30. Kb1 Qa5 1/2-1/2

[Event "Tradewise Gibraltar Chess Festival 2014 "]
[Site "The Caleta Hotel - Gibraltar"]
[Date "2014.02.05"]
[Round "9.78"]
[White "Gajic, Mladen"]
[Black "Nejanky, Maisa"]
[Result "1-0"]
[WhiteElo "2246"]
[BlackElo "2040"]
[PlyCount "141"]
[EventDate "2014.01.28"]

1. e4 c5 2. c3 d5 3. exd5 Qxd5 4. d4 Nf6 5. Nf3 Bg4 6. dxc5 Qxd1+ 7. Kxd1 e6 8.
b4 Bxf3+ 9. gxf3 Nc6 10. Bb5 a5 11. a3 Be7 12. Nd2 O-O 13. Bxc6 bxc6 14. Nc4
axb4 15. cxb4 Rfd8+ 16. Kc2 Rd4 17. Nb6 Rb8 18. Bb2 Rh4 19. Rad1 Nd5 20. Nxd5
exd5 21. Rd4 Rh3 22. Rd3 f6 23. Bc3 Ra8 24. Kb3 Rb8 25. Bd4 Bd8 26. Re3 Rh4 27.
Bb2 Kf7 28. h3 Be7 29. Kc2 Rc4+ 30. Rc3 Rh4 31. Bc1 Bd8 32. Rb3 Rc4+ 33. Rc3
Rh4 34. Kd3 Bc7 35. Bd2 Be5 36. Rb3 Rd4+ 37. Ke2 Re8 38. Be3 Rh4 39. a4 Bc7 40.
Kd3 Ra8 41. a5 Rb8 42. b5 cxb5 43. Ra1 Be5 44. Raa3 d4 45. Bd2 Rxh3 46. Ke2 Re8
47. Kd1 Rh1+ 48. Kc2 Rf1 49. a6 Rxf2 50. Kd1 Rf1+ 51. Ke2 Rh1 52. Kd3 Rh3 53.
a7 Rxf3+ 54. Kc2 Rxb3 55. Kxb3 Ra8 56. Kb4 Bb8 57. axb8=Q Rxb8 58. Ra7+ Kg6 59.
c6 h5 60. c7 Rc8 61. Kxb5 Kf5 62. Kc6 Ke6 63. Ra1 g5 64. Re1+ Kf5 65. Kb7 Rxc7+
66. Kxc7 g4 67. Kd6 h4 68. Rf1+ Kg6 69. Ke6 g3 70. Rxf6+ Kh5 71. Kf5 1-0

[Event "Tradewise Gibraltar Chess Festival 2014 "]
[Site "The Caleta Hotel - Gibraltar"]
[Date "2014.02.05"]
[Round "9.79"]
[White "Mihajlov, Svetoslav"]
[Black "Scharrer, Patrick"]
[Result "0-1"]
[WhiteElo "2112"]
[BlackElo "2220"]
[PlyCount "82"]
[EventDate "2014.01.28"]

1. d4 Nf6 2. c4 c5 3. d5 e6 4. Nc3 exd5 5. cxd5 d6 6. Bf4 g6 7. Nf3 Bg7 8. h3
O-O 9. e3 a6 10. a4 Re8 11. Nd2 Nbd7 12. Bxd6 Nb6 13. Bxc5 Nfxd5 14. a5 Nxc3
15. bxc3 Nd5 16. Ra3 Bxc3 17. Rxc3 Nxc3 18. Qa1 Nd5 19. Nc4 Be6 20. Nb6 Nxb6
21. Bxb6 Qd5 22. Bd4 Rad8 23. f3 Qb3 24. Kf2 Rxd4 25. Qxd4 Qa2+ 26. Be2 Qxa5
27. Rb1 Qc7 28. h4 h5 29. Rb6 Re7 30. f4 Rd7 31. Qb2 Rd2 32. Qxd2 Qxb6 33. Kg3
a5 34. e4 Qc7 35. Bb5 Qc5 36. Qd3 Ba2 37. e5 Be6 38. Kh2 Qb4 39. g3 a4 40. Bd7
Qb2+ 41. Kg1 Qb3 0-1

[Event "Tradewise Gibraltar Chess Festival 2014 "]
[Site "The Caleta Hotel - Gibraltar"]
[Date "2014.02.05"]
[Round "9.80"]
[White "Vea, Odin Blikra"]
[Black "Reppen, Ellisiv"]
[Result "1-0"]
[WhiteElo "2217"]
[BlackElo "1995"]
[PlyCount "51"]
[EventDate "2014.01.28"]

1. e4 e5 2. Nf3 Nc6 3. Bb5 a6 4. Ba4 Nf6 5. O-O Be7 6. Re1 b5 7. Bb3 d6 8. c3
O-O 9. h3 Na5 10. Bc2 c5 11. d4 cxd4 12. cxd4 Qc7 13. Nc3 Bd7 14. Bg5 Be6 15.
Rc1 h6 16. Bh4 Kh8 17. Nd5 Bxd5 18. exd5 exd4 19. Nxd4 Qd7 20. Nf5 Bd8 21. Nxh6
Rc8 22. Nf5 Rc4 23. Bxf6 Bxf6 24. Qh5+ Kg8 25. Ne7+ Bxe7 26. Qh7# 1-0

[Event "Tradewise Gibraltar Chess Festival 2014 "]
[Site "The Caleta Hotel - Gibraltar"]
[Date "2014.02.05"]
[Round "9.81"]
[White "Stewart, Ashley"]
[Black "Al-Tamimi, Hamad"]
[Result "1/2-1/2"]
[WhiteElo "2038"]
[BlackElo "2211"]
[PlyCount "162"]
[EventDate "2014.01.28"]

1. d4 d5 2. Nf3 Nf6 3. Bf4 Bf5 4. c4 c6 5. e3 e6 6. Qb3 Qb6 7. c5 Qxb3 8. axb3
Nbd7 9. h3 a6 10. b4 Bxb1 11. Rxb1 Ne4 12. Ra1 Rc8 13. Bd3 Be7 14. Bxe4 dxe4
15. Nd2 f5 16. Nc4 Kf7 17. Ke2 Ra8 18. Ra4 Nf6 19. Be5 Nd5 20. f3 exf3+ 21.
gxf3 Rhg8 22. e4 Nf6 23. Ke3 Nd7 24. Bd6 Bf6 25. Bc7 Be7 26. Na5 Ra7 27. Rha1
Bd8 28. Bxd8 Rxd8 29. Nc4 g6 30. Nd6+ Ke7 31. h4 Nf6 32. Kf4 Ne8 33. e5 Nxd6
34. cxd6+ Kf7 35. Ra5 Raa8 36. Ke3 Rg8 37. Rh1 Rg7 38. Kf4 Rag8 39. Raa1 h6 40.
Rag1 Ke8 41. Rg2 Kf7 42. Ke3 Ke8 43. b3 Kf8 44. Kd3 Ke8 45. f4 Kd7 46. Rhg1 Kd8
47. Ke3 Ke8 48. Kf2 Kf7 49. Rg3 Kf8 50. h5 g5 51. fxg5 Rxg5 52. Rxg5 hxg5 53.
Rh1 Kg7 54. h6+ Kh7 55. Kg3 Rd8 56. Rh2 Rf8 57. Kf3 Rd8 58. Rh5 Kg6 59. Rh1 Kh7
60. Ke3 Rf8 61. Kf2 Rd8 62. Rh2 Rf8 63. Rh3 Rd8 64. Rh1 Rf8 65. Ke2 Rd8 66. Kd3
Rb8 67. Rh2 Ra8 68. Ke3 Rb8 69. Kf2 Ra8 70. Kg1 Rb8 71. Rh3 Ra8 72. Rh2 Rb8 73.
Kh1 Re8 74. Kg2 Rb8 75. Kf3 Ra8 76. Ke3 Rb8 77. Rh1 Ra8 78. Kf3 Rb8 79. Kg2 Ra8
80. Rh5 Kg6 81. Rh1 Kh7 1/2-1/2

[Event "Tradewise Gibraltar Chess Festival 2014 "]
[Site "The Caleta Hotel - Gibraltar"]
[Date "2014.02.05"]
[Round "9.82"]
[White "Gikas, Andreas Basilius"]
[Black "Khachatourian, Yerazik"]
[Result "1/2-1/2"]
[WhiteElo "2189"]
[BlackElo "1955"]
[PlyCount "93"]
[EventDate "2014.01.28"]

1. e4 e5 2. Nf3 Nf6 3. Nc3 Bb4 4. Nxe5 O-O 5. Be2 Re8 6. Nd3 Bxc3 7. dxc3 Nxe4
8. Nf4 d6 9. O-O Nc6 10. c4 a5 11. a4 Bf5 12. Ra3 Qh4 13. Nd5 Rac8 14. g3 Qd8
15. f3 Nc5 16. g4 Bxc2 17. Qxc2 Nd4 18. Qd2 Nxe2+ 19. Kg2 Nxc1 20. Rxc1 c6 21.
Nf4 Qg5 22. Rd1 Ne6 23. Nxe6 Qxd2+ 24. Rxd2 Rxe6 25. Rb3 Rc7 26. f4 Kf8 27. f5
Re4 28. Kf3 Rxc4 29. Rxd6 Ke7 30. Rbd3 Rxa4 31. g5 f6 32. gxf6+ gxf6 33. Rd8
Kf7 34. R8d7+ Rxd7 35. Rxd7+ Kg8 36. Rxb7 Rb4 37. Rc7 Rxb2 38. Rxc6 Kg7 39. Ra6
Ra2 40. Kg3 a4 41. h3 a3 42. Kh4 Ra1 43. Ra7+ Kg8 44. Ra8+ Kf7 45. Ra7+ Kg8 46.
Ra8+ Kg7 47. Ra7+ 1/2-1/2

[Event "Tradewise Gibraltar Chess Festival 2014 "]
[Site "The Caleta Hotel - Gibraltar"]
[Date "2014.02.05"]
[Round "9.83"]
[White "Iagar, Razvan-Gabriel"]
[Black "Henrichsen, Jens"]
[Result "1/2-1/2"]
[WhiteElo "2171"]
[BlackElo "1946"]
[PlyCount "49"]
[EventDate "2014.01.28"]

1. d4 Nf6 2. c4 e6 3. Nf3 b6 4. g3 Ba6 5. b3 Bb4+ 6. Bd2 Be7 7. Bg2 c6 8. Bc3
d5 9. Ne5 Nfd7 10. Nxd7 Nxd7 11. Nd2 O-O 12. O-O Rc8 13. e4 b5 14. exd5 cxd5
15. c5 b4 16. Bxb4 Bxf1 17. Nxf1 a5 18. Bc3 Nb8 19. a3 Nc6 20. f4 Bf6 21. b4
Rb8 22. Rb1 axb4 23. axb4 Na7 24. Ne3 Nb5 25. Qd2 1/2-1/2

[Event "Tradewise Gibraltar Chess Festival 2014 "]
[Site "The Caleta Hotel - Gibraltar"]
[Date "2014.02.05"]
[Round "9.84"]
[White "Weinstein, Shaul"]
[Black "Vinas Guerrero, Carlos A"]
[Result "1/2-1/2"]
[WhiteElo "2025"]
[BlackElo "2153"]
[PlyCount "123"]
[EventDate "2014.01.28"]

1. d4 d5 2. Nf3 c6 3. c4 e6 4. e3 Nd7 5. Nc3 f5 6. Bd3 Bd6 7. O-O Ngf6 8. cxd5
cxd5 9. b3 a6 10. a4 Qe7 11. Ne2 O-O 12. Nf4 Ne4 13. Bc2 b6 14. Nd3 Bb7 15.
Nfe5 Rac8 16. f3 Nef6 17. Bb2 Rc7 18. Rc1 Rfc8 19. Qd2 a5 20. Bb1 Nb8 21. Rxc7
Rxc7 22. Rc1 Na6 23. Rxc7 Qxc7 24. Nf4 Bc8 25. Bd3 Nb4 26. Bb5 Qc2 27. Qxc2
Nxc2 28. Kf2 g5 29. Nfd3 Nb4 30. Ke2 Nxd3 31. Kxd3 Kf8 32. h3 Bb7 33. Bc3 Ke7
34. g4 h5 35. gxh5 Nxh5 36. Nd7 Bc7 37. b4 Nf6 38. Ne5 Ne8 39. Ng6+ Kd8 40. Ne5
Ke7 41. bxa5 bxa5 42. Nc6+ Bxc6 43. Bxc6 Nf6 44. Bd2 Kf7 45. Ke2 Kg6 46. Bb7
Bb6 47. Bc8 Kf7 48. Kd3 Bc7 49. Be1 Ne8 50. Bd7 Ke7 51. Bxe8 Kxe8 52. e4 Kf7
53. exd5 exd5 54. Ke3 Kg6 55. Ke2 Kh5 56. Kd3 Kg6 57. Bd2 Kh5 58. Be1 Kg6 59.
Bd2 Bd8 60. Ke2 Kh5 61. Be1 Bb6 62. Ke3 1/2-1/2

[Event "Tradewise Gibraltar Chess Festival 2014 "]
[Site "The Caleta Hotel - Gibraltar"]
[Date "2014.02.05"]
[Round "9.85"]
[White "Bjorn, Lasse E"]
[Black "Lercel, Michal"]
[Result "0-1"]
[WhiteElo "1879"]
[BlackElo "2150"]
[PlyCount "58"]
[EventDate "2014.01.28"]

1. e4 c5 2. Nf3 Nc6 3. d4 cxd4 4. Nxd4 e5 5. Nb5 d6 6. c4 Be7 7. Be2 Nf6 8.
N5c3 O-O 9. Be3 Be6 10. O-O Rc8 11. Nd2 Ne8 12. Nf3 g6 13. Nd5 f5 14. Nxe7+
Qxe7 15. Ng5 Ng7 16. Nxe6 Nxe6 17. exf5 gxf5 18. f3 Ncd4 19. Bd3 f4 20. Bf2 Kh8
21. g4 fxg3 22. Bxg3 Qg5 23. Be4 Rxc4 24. Bd5 Rc2 25. Bxe6 Rd2 26. Qe1 Nxe6 27.
f4 Nxf4 28. Rxf4 Rxf4 29. Qxd2 Rf1+ 0-1

[Event "Tradewise Gibraltar Chess Festival 2014 "]
[Site "The Caleta Hotel - Gibraltar"]
[Date "2014.02.05"]
[Round "9.86"]
[White "Osuna Vega, Enrique"]
[Black "Krokay, Urszula"]
[Result "1-0"]
[WhiteElo "2141"]
[BlackElo "1926"]
[PlyCount "213"]
[EventDate "2014.01.28"]

1. d4 Nf6 2. Nf3 e6 3. c4 b6 4. g3 Ba6 5. b3 Bb4+ 6. Bd2 Be7 7. Nc3 Bb7 8. Qc2
c5 9. dxc5 Bxc5 10. Bg2 O-O 11. O-O Qc8 12. Bg5 Ne8 13. Ne4 Ba3 14. Bc1 Be7 15.
Nfg5 f5 16. Nc3 Bxg2 17. Kxg2 Qc6+ 18. Nf3 Nf6 19. Kg1 Ne4 20. Be3 Na6 21. Nd4
Qb7 22. f3 Nb4 23. Qc1 Nxc3 24. Qxc3 Rac8 25. Qd2 e5 26. Nb5 d5 27. a3 d4 28.
axb4 dxe3 29. Qxe3 a6 30. Nc3 Bxb4 31. Kg2 Rce8 32. Qd3 Rd8 33. Nd5 Bc5 34. e3
a5 35. Rad1 Qf7 36. Qc3 Rde8 37. Qc2 Re6 38. Kh1 f4 39. exf4 exf4 40. Nxf4 Re3
41. Rd3 Rfe8 42. Rxe3 Rxe3 43. Qd1 a4 44. bxa4 Qxc4 45. Qd8+ Bf8 46. Qd5+ Qxd5
47. Nxd5 Rb3 48. Kg2 Bc5 49. Rc1 Ra3 50. Rb1 Rxa4 51. Nxb6 Ra2+ 52. Kh3 Kf7 53.
Nd5 h6 54. Nc3 Rc2 55. Ne4 Be3 56. Re1 Bd4 57. Rb1 Ra2 58. Rd1 Be3 59. Rd3 Bg1
60. Rd2 Rxd2 61. Nxd2 Kg6 62. Kg2 Be3 63. Nc4 Bd4 64. f4 Kf5 65. Kf3 h5 66. h3
Ba1 67. Ne3+ Kf6 68. Ke4 g6 69. Nd5+ Ke6 70. Nc7+ Kf6 71. Nb5 Bb2 72. Nd4 Ba1
73. Nc6 Bb2 74. Nb4 Bc1 75. Nd5+ Ke6 76. Ne3 Bb2 77. f5+ gxf5+ 78. Nxf5 Kf6 79.
Nh4 Kg5 80. Ng2 Ba3 81. Nf4 Bc1 82. Ke5 h4 83. Ne6+ Kg6 84. g4 Bb2+ 85. Ke4 Bc3
86. Nd4 Be1 87. Nf3 Bf2 88. Ke5 Bg3+ 89. Ke6 Bf2 90. Ne5+ Kg5 91. Nd3 Bg3 92.
Kd5 Bh2 93. Ke4 Bg3 94. Ne5 Bf2 95. Nf3+ Kg6 96. Kf4 Bg3+ 97. Ke3 Kf6 98. Nd4
Kg5 99. Ke4 Bf2 100. Nf5 Be1 101. Ke3 Ba5 102. Nd4 Kg6 103. Nf3 Bd8 104. Kf4
Be7 105. g5 Bd6+ 106. Kg4 Bg3 107. Nxh4+ 1-0

[Event "Tradewise Gibraltar Chess Festival 2014 "]
[Site "The Caleta Hotel - Gibraltar"]
[Date "2014.02.05"]
[Round "9.87"]
[White "Agbabishvili, Lali"]
[Black "Burrows, Martin P"]
[Result "1/2-1/2"]
[WhiteElo "1941"]
[BlackElo "2126"]
[PlyCount "114"]
[EventDate "2014.01.28"]

1. c4 Nf6 2. Nf3 e6 3. d4 b6 4. g3 Ba6 5. Qa4 Bb7 6. Bg2 c5 7. dxc5 Bxc5 8. O-O
O-O 9. Nc3 Be7 10. Bf4 d6 11. Rfd1 a6 12. Rd2 Qc7 13. Qd1 Rd8 14. Rc1 Nh5 15.
Be3 Nd7 16. g4 Nhf6 17. h3 Rac8 18. b3 b5 19. cxb5 axb5 20. Nd5 Qxc1 21. Nxe7+
Kf8 22. Nxc8 Qxc8 23. Rxd6 Nd5 24. Qd4 Ke7 25. Rxd5 Bxd5 26. Qxg7 Rf8 27. Bg5+
Kd6 28. Qxh7 f6 29. Be3 Qb7 30. Nh4 Bxg2 31. Nxg2 Ra8 32. a4 bxa4 33. bxa4 Rxa4
34. Qd3+ Ke7 35. Qh7+ Kd6 36. Bf4+ e5 37. Be3 Ra1+ 38. Kh2 Qb1 39. Qxb1 Rxb1
40. Nh4 Rb2 41. Nf5+ Ke6 42. Ng3 Nf8 43. h4 Ng6 44. h5 Nf4 45. Bxf4 exf4 46.
Nf5 Kf7 47. Kg2 Rxe2 48. Kf3 Ra2 49. Nd4 Ra4 50. Ne2 Ra3+ 51. Kxf4 Ra2 52. Kf3
Ra3+ 53. Kg2 Kg7 54. Nd4 Kh6 55. f3 Rd3 56. Nf5+ Kg5 57. Kg3 Rxf3+ 1/2-1/2

[Event "Tradewise Gibraltar Chess Festival 2014 "]
[Site "The Caleta Hotel - Gibraltar"]
[Date "2014.02.05"]
[Round "9.88"]
[White "Jorgensen, Line Jin"]
[Black "Hagesather, Arne"]
[Result "1/2-1/2"]
[WhiteElo "1925"]
[BlackElo "2126"]
[PlyCount "60"]
[EventDate "2014.01.28"]

1. d4 Nf6 2. Nf3 e6 3. Bg5 d5 4. e3 c5 5. Nbd2 Nc6 6. c3 Be7 7. Bd3 h6 8. Bh4
b6 9. O-O a5 10. Ne5 Nxe5 11. dxe5 Nd7 12. Bxe7 Qxe7 13. f4 Ba6 14. Bxa6 Rxa6
15. c4 dxc4 16. Nxc4 O-O 17. a4 f6 18. exf6 Nxf6 19. Qe2 Nd5 20. g3 Nb4 21. Ne5
Rc8 22. Qc4 Ra7 23. Qe4 Qf6 24. Rad1 Rd8 25. Ng4 Qe7 26. Rxd8+ Qxd8 27. Qxe6+
Kh8 28. Ne5 Qd2 29. Ng6+ Kh7 30. Nf8+ Kh8 1/2-1/2

[Event "Tradewise Gibraltar Chess Festival 2014 "]
[Site "The Caleta Hotel - Gibraltar"]
[Date "2014.02.05"]
[Round "9.90"]
[White "Buchal, Stephan"]
[Black "Biegel, Thomas"]
[Result "1-0"]
[WhiteElo "2324"]
[BlackElo "2059"]
[PlyCount "133"]
[EventDate "2014.01.28"]

1. c4 c6 2. g3 d5 3. Nf3 Nf6 4. Bg2 Bf5 5. cxd5 cxd5 6. Qb3 Qb6 7. Qxb6 axb6 8.
Nc3 Bd7 9. d3 Bc6 10. O-O e6 11. Nd4 Bc5 12. Ndb5 Ra5 13. Bf4 Kd7 14. a4 Na6
15. d4 Be7 16. Rfc1 Nb4 17. f3 Rc8 18. Bd2 Raa8 19. b3 Ne8 20. Bf1 Nd6 21. e3
Ne8 22. Kf2 Nc7 23. Be2 Nba6 24. Na2 Ne8 25. Bd3 g6 26. e4 Nac7 27. e5 Bxb5 28.
axb5 Ra3 29. Nc3 Na8 30. Rxa3 Bxa3 31. Rc2 Bb4 32. Ke2 Ng7 33. Nxd5 exd5 34.
Rxc8 Kxc8 35. Bxb4 Nc7 36. f4 Nce6 37. Bc3 Nf5 38. Bxf5 gxf5 39. Kf3 h5 40. Kg2
Nf8 41. Bb4 Ng6 42. h3 Kd7 43. Kf3 Ke6 44. Bd6 Kd7 45. g4 hxg4+ 46. hxg4 Ke6
47. Bb4 Nh8 48. Kg3 Ng6 49. Ba3 f6 50. Bb4 fxe5 51. fxe5 fxg4 52. Kxg4 Nxe5+
53. dxe5 Kxe5 54. Kf3 d4 55. Ke2 Ke6 56. Kd3 Kd7 57. Kxd4 Ke6 58. Kd3 Kd7 59.
Kd4 Kc7 60. Kd5 Kb8 61. Kd6 Ka7 62. Kc7 Ka8 63. Kxb6 Kb8 64. Bd6+ Ka8 65. Kc7
Ka7 66. Bc5+ Ka8 67. Bg1 1-0

[Event "Tradewise Gibraltar Chess Festival 2014 "]
[Site "The Caleta Hotel - Gibraltar"]
[Date "2014.02.05"]
[Round "9.91"]
[White "Hughes, Roy"]
[Black "Zvarik, Martin"]
[Result "1/2-1/2"]
[WhiteElo "2027"]
[BlackElo "2216"]
[PlyCount "83"]
[EventDate "2014.01.28"]

1. d4 Nf6 2. Nf3 d6 3. Bf4 Bg4 4. Nbd2 Nbd7 5. h3 Bxf3 6. Nxf3 g6 7. e3 Bg7 8.
Be2 O-O 9. O-O c5 10. c3 a6 11. b4 Nd5 12. Qb3 Nxf4 13. exf4 cxd4 14. cxd4 Qb6
15. Rfe1 Rac8 16. Bc4 Qc7 17. Rac1 d5 18. Bxd5 Qxc1 19. Rxc1 Rxc1+ 20. Kh2 Rc7
21. Ng5 e6 22. Bxe6 Nb6 23. Bg4 Bxd4 24. Qd3 Rd8 25. Qe2 Nd5 26. f5 Re7 27. Qc4
Nf6 28. fxg6 Nxg4+ 29. hxg4 hxg6 30. Qc2 Be5+ 31. g3 Rc7 32. Qe4 Bc3 33. Kg2
Kg7 34. Nf3 Rd6 35. g5 Re6 36. Qd3 b5 37. Nh2 Rc4 38. a3 Ree4 39. Nf3 Re6 40.
Nh2 Ree4 41. Nf3 Re6 42. Nh2 1/2-1/2

[Event "Tradewise Gibraltar Chess Festival 2014 "]
[Site "The Caleta Hotel - Gibraltar"]
[Date "2014.02.05"]
[Round "9.92"]
[White "Veltkamp, Gerben"]
[Black "Jacobsen, Fredrik Beer"]
[Result "1-0"]
[WhiteElo "2202"]
[BlackElo "1991"]
[PlyCount "115"]
[EventDate "2014.01.28"]

1. e4 c5 2. c3 Nf6 3. e5 Nd5 4. d4 cxd4 5. cxd4 d6 6. f4 Nc6 7. Nc3 dxe5 8.
dxe5 Nxc3 9. Qxd8+ Nxd8 10. bxc3 Nc6 11. Be3 f6 12. Nf3 g6 13. Bc4 Bg4 14. Rb1
O-O-O 15. Nd4 Bd7 16. e6 Be8 17. Nb5 a6 18. Na3 Na5 19. Bb6 Nxc4 20. Nxc4 Rd5
21. O-O Bb5 22. Rb4 Bg7 23. a4 Bxc4 24. Rxc4+ Kb8 25. Rc7 Rd6 26. Rxe7 Rxb6 27.
Rxg7 Re8 28. f5 gxf5 29. e7 Re6 30. Rxh7 R6xe7 31. Rxe7 Rxe7 32. Rxf5 Re4 33.
a5 Rc4 34. Kf2 Kc7 35. Ke2 Rxc3 36. h4 Kd7 37. Rxf6 Rc5 38. g4 Rxa5 39. h5 Ke7
40. Rb6 Kf7 41. Rxb7+ Kf6 42. Rb6+ Kg7 43. Kf3 Kh7 44. Kf4 Kg7 45. Rc6 Ra1 46.
Kg5 Ra5+ 47. Kh4 Ra4 48. Rb6 Ra5 49. Rb7+ Kf6 50. Rc7 Ra4 51. Ra7 Ra1 52. g5+
Kf5 53. Rf7+ Ke6 54. Rf6+ Ke5 55. h6 a5 56. Kh5 a4 57. Kg6 a3 58. Ra6 1-0

[Event "Tradewise Gibraltar Chess Festival 2014 "]
[Site "The Caleta Hotel - Gibraltar"]
[Date "2014.02.05"]
[Round "9.93"]
[White "Perdomo Araujo, Angel Eduardo"]
[Black "Tscharotschkin, Michael"]
[Result "0-1"]
[WhiteElo "2018"]
[BlackElo "2201"]
[PlyCount "122"]
[EventDate "2014.01.28"]

1. e4 e6 2. d4 d5 3. e5 c5 4. c3 Bd7 5. Nf3 Nc6 6. Be2 cxd4 7. cxd4 Nh6 8. O-O
Nf5 9. Be3 h5 10. Nc3 g6 11. Bg5 Be7 12. Bxe7 Ncxe7 13. Qd2 a6 14. Rac1 Kf8 15.
a3 Kg7 16. Bd3 Rc8 17. Ne2 Nh6 18. b4 Nef5 19. Qf4 Qe7 20. Rc5 Rxc5 21. bxc5 b6
22. Rc1 bxc5 23. Rxc5 Rc8 24. Rxc8 Bxc8 25. Qc1 Qd8 26. Ng3 Nxg3 27. hxg3 Ng4
28. Qc5 Qd7 29. Qb6 Qa4 30. Qb4 Qd1+ 31. Ne1 Nh6 32. Qb1 Qa4 33. Nc2 Bd7 34.
Qb4 Qc6 35. Qa5 Qb7 36. Qb4 Qc8 37. a4 Qc7 38. Ne3 a5 39. Qa3 Qb6 40. Qa1 Qb4
41. Be2 Ng8 42. g4 hxg4 43. Nxg4 Qd2 44. Qd1 Qxd1+ 45. Bxd1 Ne7 46. Nh2 Nc8 47.
Kf1 Nb6 48. Ke2 Bxa4 49. Bxa4 Nxa4 50. Kd3 g5 51. Nf3 Kg6 52. g4 Nb2+ 53. Kc3
Nd1+ 54. Kb3 Nxf2 55. Nh2 f5 56. exf6 Kxf6 57. Ka4 e5 58. Kxa5 exd4 59. Kb4
Nd3+ 60. Kb3 Ne1 61. Nf3 Nxf3 0-1

[Event "Tradewise Gibraltar Chess Festival 2014 "]
[Site "The Caleta Hotel - Gibraltar"]
[Date "2014.02.05"]
[Round "9.94"]
[White "Van Den Bersselaar, Jeroen"]
[Black "Bucknell, Malcolm Gordon"]
[Result "1-0"]
[WhiteElo "2146"]
[BlackElo "1947"]
[PlyCount "135"]
[EventDate "2014.01.28"]

1. d4 e6 2. e4 d5 3. Nd2 dxe4 4. Nxe4 h6 5. Nf3 Bd7 6. Bd3 Nf6 7. O-O Nxe4 8.
Bxe4 Bc6 9. Re1 Bxe4 10. Rxe4 Nd7 11. c4 Nf6 12. Re2 Be7 13. Qb3 b6 14. Bf4 O-O
15. Rd1 Bd6 16. Ne5 Kh8 17. Qh3 Ng8 18. Red2 Qe8 19. c5 Bxe5 20. Bxe5 Rc8 21.
Qg3 Nf6 22. Bxf6 gxf6 23. Qh4 Kh7 24. Rd3 Rg8 25. Qxf6 Rg6 26. Qf4 Qe7 27. Rc1
Rcg8 28. Rg3 b5 29. Rcc3 Qd7 30. Rcf3 f5 31. Rxg6 Rxg6 32. h3 a5 33. Qe5 b4 34.
d5 Qxd5 35. Qxd5 exd5 36. Rxf5 c6 37. Rf7+ Kg8 38. Ra7 Re6 39. Kf1 d4 40. Rxa5
d3 41. Ra8+ Kf7 42. Rd8 Re2 43. Rxd3 Rxb2 44. Rd7+ Ke8 45. Ra7 Rc2 46. Rb7 Rxa2
47. Rxb4 Rc2 48. Rh4 Rxc5 49. Rxh6 Kd7 50. g4 Rd5 51. Rh5 Rd6 52. Rc5 Rd1+ 53.
Kg2 Kd6 54. Rc3 c5 55. g5 Rd5 56. h4 Ke5 57. Rg3 Rd8 58. h5 c4 59. h6 Kf5 60.
g6 c3 61. g7 c2 62. Rc3 Kg6 63. Rxc2 Kxh6 64. Rc7 Rg8 65. Kg3 Rxg7+ 66. Rxg7
Kxg7 67. Kf4 Kf6 68. f3 1-0

[Event "Tradewise Gibraltar Chess Festival 2014 "]
[Site "The Caleta Hotel - Gibraltar"]
[Date "2014.02.05"]
[Round "9.95"]
[White "Spanton, Tim R"]
[Black "Amgalanbaatar, Ravdanlkhumbuu"]
[Result "0-1"]
[WhiteElo "1995"]
[BlackElo "2137"]
[PlyCount "52"]
[EventDate "2014.01.28"]

1. d4 d6 2. e4 Nf6 3. Nc3 c6 4. a4 Qc7 5. Nf3 Bg4 6. h3 Bh5 7. Be2 e6 8. O-O d5
9. exd5 Nxd5 10. Nxd5 cxd5 11. Re1 Bd6 12. Ne5 Bxe2 13. Qxe2 O-O 14. c3 Nc6 15.
Nd3 Rae8 16. Qf3 Na5 17. Bf4 Bxf4 18. Nxf4 Nb3 19. Rad1 Qa5 20. Qg3 Kh8 21. Re5
Qxa4 22. Nh5 Rg8 23. Rg5 Nc5 24. Re1 Ne4 25. Rxe4 dxe4 26. Rxg7 Qd1+ 0-1

[Event "Tradewise Gibraltar Chess Festival 2014 "]
[Site "The Caleta Hotel - Gibraltar"]
[Date "2014.02.05"]
[Round "9.96"]
[White "Samu, Sorin-Mihai"]
[Black "Roser, Ludwig"]
[Result "1-0"]
[WhiteElo "2131"]
[BlackElo "1882"]
[PlyCount "77"]
[EventDate "2014.01.28"]

1. c4 d6 2. Nc3 e5 3. g3 Be6 4. Bg2 c6 5. b3 Nf6 6. Bb2 Be7 7. Nf3 h6 8. O-O
Qd7 9. d4 exd4 10. Nxd4 Bh3 11. Qd3 Bxg2 12. Kxg2 O-O 13. e4 d5 14. Nf5 Bc5 15.
cxd5 Ng4 16. Na4 Bd6 17. Bxg7 Re8 18. f3 Ne5 19. Bxe5 Bxe5 20. Rad1 Bg7 21. d6
Na6 22. f4 b5 23. Nxg7 Kxg7 24. e5 Nb4 25. Nc5 Nxd3 26. Nxd7 Nb4 27. a3 Nd5 28.
Rf3 Rad8 29. Nc5 h5 30. Rxd5 cxd5 31. Rd3 Rb8 32. Rxd5 b4 33. a4 h4 34. f5 hxg3
35. hxg3 Rh8 36. e6 fxe6 37. Nxe6+ Kf6 38. d7 Ke7 39. d8=Q+ 1-0

[Event "Tradewise Gibraltar Chess Festival 2014 "]
[Site "The Caleta Hotel - Gibraltar"]
[Date "2014.02.05"]
[Round "9.97"]
[White "Nilsen, Martin"]
[Black "Compton, Alistair"]
[Result "1/2-1/2"]
[WhiteElo "1878"]
[BlackElo "2105"]
[PlyCount "59"]
[EventDate "2014.01.28"]

1. e3 d5 2. c4 e6 3. Nc3 Nf6 4. Nf3 c5 5. d4 Nc6 6. Be2 g6 7. Ne5 Qc7 8. Nxc6
bxc6 9. Bf3 Bd6 10. h3 O-O 11. O-O Bb7 12. Kh1 Rad8 13. Na4 Nd7 14. Qc2 Rc8 15.
dxc5 Nxc5 16. b4 Nxa4 17. Qxa4 dxc4 18. Bd2 Qb6 19. Rfc1 Qb5 20. Qc2 c5 21.
bxc5 Bxf3 22. cxd6 Qh5 23. gxf3 Qxh3+ 24. Kg1 Rc5 25. f4 Qg4+ 26. Kf1 Qh3+ 27.
Ke2 Qg4+ 28. Kf1 Qh3+ 29. Ke2 Qg4+ 30. Kf1 1/2-1/2

[Event "Tradewise Gibraltar Chess Festival 2014 "]
[Site "The Caleta Hotel - Gibraltar"]
[Date "2014.02.05"]
[Round "9.99"]
[White "Kandic, Milan"]
[Black "Whatley, Stephen A J"]
[Result "1-0"]
[WhiteElo "2080"]
[BlackElo "1864"]
[PlyCount "79"]
[EventDate "2014.01.28"]

1. g3 f5 2. Bg2 Nf6 3. Nf3 d6 4. d4 g6 5. O-O Bg7 6. c4 O-O 7. Nc3 c6 8. Qc2
Na6 9. a3 Qe8 10. Rd1 e5 11. dxe5 dxe5 12. b3 h6 13. Bb2 g5 14. Rd6 e4 15. Ne1
Qh5 16. f3 e3 17. Rad1 f4 18. Rd8 Qf7 19. Rxf8+ Qxf8 20. Qg6 Nc5 21. gxf4 gxf4
22. Nd3 Nxd3 23. Rxd3 Nh7 24. Ne4 Bf5 25. Qxg7+ Qxg7 26. Bxg7 Kxg7 27. Rd4 Bxe4
28. fxe4 Rf8 29. h4 Rf7 30. Bf3 Nf8 31. Rd6 Ng6 32. Bh5 Rf6 33. Rd7+ Rf7 34.
Rxf7+ Kxf7 35. Kg2 Kf6 36. Bxg6 Kxg6 37. Kf3 Kh5 38. Kxf4 Kxh4 39. e5 Kh5 40.
Kf5 1-0

[Event "Tradewise Gibraltar Chess Festival 2014 "]
[Site "The Caleta Hotel - Gibraltar"]
[Date "2014.02.05"]
[Round "9.100"]
[White "Dasaolu, Rotimi"]
[Black "Cruz Fiallos, Hamilton Tarley"]
[Result "1-0"]
[WhiteElo "2077"]
[BlackElo "1844"]
[PlyCount "63"]
[EventDate "2014.01.28"]

1. g3 e5 2. c4 f5 3. Bg2 Nf6 4. Nc3 Bb4 5. Qb3 Bxc3 6. Qxc3 d6 7. d3 O-O 8. b4
Kh8 9. e3 Nc6 10. Ne2 Ne7 11. b5 a6 12. a4 axb5 13. axb5 Rxa1 14. Qxa1 c6 15.
bxc6 bxc6 16. O-O c5 17. Bd2 Ng6 18. Rb1 Nh5 19. f4 Qe7 20. Nc3 Be6 21. Rb7 Qf6
22. Nd5 Bxd5 23. Bxd5 exf4 24. Bc3 Ne5 25. exf4 Qh6 26. fxe5 dxe5 27. Bxe5 Re8
28. Re7 Qe3+ 29. Kg2 Qe2+ 30. Kh1 Nxg3+ 31. hxg3 Qh5+ 32. Kg1 1-0